| 000 | 00769nam a2200241 a 4500 | ||
|---|---|---|---|
| 008 | 951121s1987||||[C 0 slo c | ||
| 020 |
_c55 Kčs. _q(30000 výtl.) |
||
| 040 |
_aSNK _bslo _cSNK _eAACR2 |
||
| 041 | 1 |
_aslo _heng |
|
| 044 |
_axo _cSK |
||
| 080 | _a820 (73)-3 | ||
| 100 | 1 |
_aMailer, Norman _4aut |
|
| 245 | 1 | 0 |
_aKatova pieseň. 1 _cNorman Mailer ; Ján Vilikovský, Ján Vilikovský, Svetozár Mydlo |
| 250 | _a2., vyd. | ||
| 260 |
_aBratislava _bTatran _c1987 _eBanská Bystrica _fTlačiarne SNP |
||
| 300 |
_a411 s., 27,98 AH _c20 cm |
||
| 490 | 0 |
_aKométa _vZv. 2. |
|
| 500 | _aCena za 1. a 2. diel. Ilustr. na tit. list. | ||
| 700 | 1 |
_aVilikovský, Ján _4trl |
|
| 700 | 1 |
_aVilikovský, Ján _4[ADC] |
|
| 700 | 1 |
_aMydlo, Svetozár _4bkd |
|
| 958 | _aA | ||
| 999 |
_c12252 _d12252 |
||